Diccionario de la lengua española 5 : engarbado - grimorio

Zapisane w:
Opis bibliograficzny
Korporacja: Real Academia Española
Format: Książka
Język:Undetermined
Wydane: Colombia Real Academia Española 2001
Wydanie:22
Hasła przedmiotowe:
Etykiety: Dodaj etykietę
Nie ma etykietki, Dołącz pierwszą etykiete!

MARC

LEADER 00000nam a2200000Ia 4500
008 170316s9999 xx 000 0 und d
020 |a 958-42-0500-5 
040 |a cru BVZT 
090 |a R-413 R-1d T.5 ESP 
110 |a Real Academia Española 
245 |a Diccionario de la lengua española 5 : engarbado - grimorio 
250 |a 22 
260 |a Colombia 
260 |b Real Academia Española 
260 |c 2001 
300 |a viii, 619 a 784 páginas, T.5 
650 0 |a REFERENCIA  |9 27 
650 0 |a DICCIONARIO  |9 28 
650 0 |a ESPAÑOL  |9 48 
942 |c REF  |2 z 
999 |c 15069  |d 15069